00531cam a2200169 i 4500020001500000082001700015100002100032245004100053250001200094260004400106300002500150500009800175500002000273650001400293700002700307700002700334 a071671117600a541.3076 PIE1 aSmith, R. Nelson10aSolving general chemistry problems / a4th ed. aSan Francisco :bW. H. Freeman,cc1980. aix, 369 p. :bill. ; aFirst-4th ed. by C. Pierce and R. N. Smith published under title: General chemistry workbook. aIncludes index. 0aChemistry1 aPierce, Willis Conway,1 aPierce, Willis Conway,